ბათუმის შოთა რუსთაველის სახელმწიფო უნივერსიტეტის ბიბლიოთეკა

Alter Ego. Methode de Frangais. A2. 2 (ბიბ.ჩანაწერი № 45734)

000 -LEADER
fixed length control field 00662nam a2200253Ia 4500
001 - CONTROL NUMBER
control field 12561
003 - CONTROL NUMBER IDENTIFIER
control field GE_BSU
008 - FIXED-LENGTH DATA ELEMENTS--GENERAL INFORMATION
fixed length control field 181216s||||||||xx |||||||||||||| ||und||
020 ## - INTERNATIONAL STANDARD BOOK NUMBER
International Standard Book Number 9782011554420
040 ## - CATALOGING SOURCE
Transcribing agency GE_BSU
080 ## - UNIVERSAL DECIMAL CLASSIFICATION NUMBER
Universal Decimal Classification number 811.133.1
100 ## - MAIN ENTRY--PERSONAL NAME
Personal name Berthet, Annie. Hugot, Catherine. Kizirian, Veronique M.. Sampsonis, Beatrix Waendendries
245 ## - TITLE STATEMENT
Title Alter Ego. Methode de Frangais. A2. 2
245 ## - TITLE STATEMENT
Remainder of title Cd inclus
260 ## - PUBLICATION, DISTRIBUTION, ETC.
Place of publication, distribution, etc. Paris
260 ## - PUBLICATION, DISTRIBUTION, ETC.
Name of publisher, distributor, etc. Hachette
260 ## - PUBLICATION, DISTRIBUTION, ETC.
Date of publication, distribution, etc. 2006
300 ## - PHYSICAL DESCRIPTION
Extent 192p.ill.29cm.
300 ## - PHYSICAL DESCRIPTION
Accompanying material CD
653 ## - INDEX TERM--UNCONTROLLED
Uncontrolled term Alter Ego. Methode de Frangais
653 ## - INDEX TERM--UNCONTROLLED
Uncontrolled term გრამატიკა
942 ## - ADDED ENTRY ELEMENTS (KOHA)
Koha item type წიგნი
ეგზემპლარები
Withdrawn status Lost status Damaged status Not for loan Date acquired Barcode Date last seen Price effective from Koha item type
        2018-12-17 36303 2018-12-17 2018-12-17 წიგნი
        2018-12-17 36304 2018-12-17 2018-12-17 წიგნი
        2018-12-17 36305 2018-12-17 2018-12-17 წიგნი
        2018-12-17 36306 2018-12-17 2018-12-17 წიგნი
        2018-12-17 36307 2018-12-17 2018-12-17 წიგნი